Bele-elegyedés egy párbeszéd-be (Filozófiai (láb)jegyzetek) - Nádas Péter-Richard Schwarz: Párbeszéd
Elmentve itt :
| Szerző: | |
|---|---|
| Adatforrás: | Philobibl |
| Forrásdokumentuma: | Alföld 43 1992/10., 86-92. p. |
| Dokumentumtípus: | Cikk |
| Nyelv: | magyar |
| LEADER | 00354nab a2200097 c 4500 | ||
|---|---|---|---|
| 001 | bibDOK00004086 | ||
| 005 | 20200924120018.5 | ||
| 008 | 060518s1992 xx hun | ||
| 100 | 1 | |a Vajda Mihály | |
| 245 | 1 | 0 | |a Bele-elegyedés egy párbeszéd-be (Filozófiai (láb)jegyzetek) - Nádas Péter-Richard Schwarz: Párbeszéd |c Vajda Mihály |
| 773 | 0 | |t Alföld 43 |g 1992/10., 86-92. p. | |